000 00575cab a2200205 4500
001 WB2821-53
008 090401t1992 xxu||||| |||| 00| 0 eng d
035 _a(Sirsi) u19768
041 _aeng
245 _aSell your timeshare with care
260 _c1992
350 _a0
490 _aSunday Telegraph
_v24 May 1992, 40(1)
520 _aGives advice on how to sell a timeshare property including advice from the Timeshare Council.
650 _aRESALES
650 _aTIMESHARE PROPERTY
690 _aPROPERTY LAW AND PRACTICE
942 _n0
948 _c04/03/1997
999 _c13232
_d13232